00478nam a2200193 a 4500001001300000003000900013005001700022008004100039020000800080082001500088100001700103245003200120260003600152300000900188500003500197505001000232650002500242700001700267nice12345678IN_TiNIC20260116012343.0050524s1960 deoa grp 000 0 urd  ac600a297.5bABU aAbul Hasan,  aPareshanion Ka Sharai Ilaaj aDeobandbAzeem Book Depotc1960 a160p aincludes index and biblioraphy2 aIndex aIslam-Moral Theology1 aAbul Hasan,